1427 1504 1979 1115 1249 1755 1772 1532 1813 1087 1314 1951 1731 1299 1196 1545 1504 1443 1747 1927 1969 1435 1806 1453 1249 1266 1773 1778 1696 1761 1536 1517 1355 1522 1519 1097 1130 1227 1499 1555 1221 1312 1036 1498 1168 1626 1565 1743 1103 1021 1713 1109 1650 1779 1016 1897 1153 1231 1299 1924 1989 1171 1692 1473 1178 1417 1613 1735 1862 1411 1846 1115 1517 1189 1074 1283 1662 1616 1369 1149 1584 1439 1092 1460 1686 1833 1178 1531 1293 1512 1834 1430 1250 1850 1136 1166 1566 1917 1779 BCNSPRNW ULIB Ver.6.0+V

เปลี่ยนเป็นภาษาไทย

Change to English
 แสดงรายละเอียดบรรณานุกรม
  กลับหน้าหลัก

Brief Record : Get Marc (ISO 2709) : E-mail record : QR code < ปิดหน้าต่าง
LEADER : 00000nas 2200000uu 4500
001    13399121277
003     ULIB
008    020711s|||| th a 000 0 tha d
022    08577927
110    วิทยาลัยพยาบาลบรมราชชนนี กรุงเทพ
245    วารสารวิทยาลัยพยาบาลบรมราชชนนี กรุงเทพ/^cวิทยาลัยพยาบาลบรมราชชนนี กรุงเทพ
260    กรุงเทพฯ :^bวิทยาลัยพยาบาลบรมราชชนนี กรุงเทพ,^cม.ป.ป.
310    ^aราย 6 เดือน
850 ^a ULIB^bปีที่ 28 ฉบับที่ 1 ;ปีที่ 31 ฉบับที่ 1 ฉ.1 ;ปีที่ 31 ฉบับที่ 2 ฉ.1 ;ปีที่ 31 ฉบับที่ 3 ฉ.1
945    ^p0^l0^i900864
945    ^p0^l0^i903262
945    ^p0^l0^i903608
945    ^p0^l0^i903877
999    ^aวรรณษา ชูชัยมงคล
รายการนี้ยังไม่มีแท็ก
คุณยังไม่ได้ล็อกอิน คุณสามารถมีกิจกรรมร่วมกับเว็บไซต์ได้ แต่ต้องล็อกอินก่อน ::
  ล็อกอิน

รายการสื่อสารสนเทศ (วารสาร)

ดูแบบ: กล่อง รายการ
ARRIVED
ปีที่ 28 ฉบับที่ 1
สถานที่: ห้องสมุดวิทยาเขตสวรรค์ประชารักษ์ >วารสาร
ARRIVED
ปีที่ 31 ฉบับที่ 1 ฉ.1
สถานที่: ห้องสมุดวิทยาเขตสวรรค์ประชารักษ์ >หนังสือพิมพ์
ARRIVED
ปีที่ 31 ฉบับที่ 2 ฉ.1
สถานที่: ห้องสมุดวิทยาเขตสวรรค์ประชารักษ์ >วารสาร
ARRIVED
ปีที่ 31 ฉบับที่ 3 ฉ.1
สถานที่: ห้องสมุดวิทยาเขตสวรรค์ประชารักษ์ >วารสาร

BibComment


ยังไม่เคยถูกคอมเมนท์

คอมเมนท์ทรัพยากรรายการนี้
  คอมเมนท์: วารสารวิทยาลัยพยา..


 Copyright 2026. Bcnsprnw @Library